Statistiques concernant Les Iles Salomon pour les touristes... - Facile

Cliquez ici pour prendre le quiz!

Statistiques générales

  • Ce quiz a été pris 2 fois
  • Le résultat moyen est 9 sur 21

Statistiques - réponses

QuestionIndiceRéponsesIndice facile% Correct
La vitesse est limitée hors agglomération{110} km/h
100%
Quelles sont les langues officielles ?Anglais
100%
La conduite se fait à droite ou à gauche ?Gauche
100%
Le principal aéroport est àHHoniara
100%
Quelles sont les principaux lieux touristiques ?HMarché de {Honiara}HAIRANO
100%
Dans la capitale y-a-t-il un décalage horaire avec Paris ? (oui/non)Oui
100%
Avez-vous besoin d'un visa ? (oui/non)oui
100%
Combien d'heures (environ) mettrez-vous pour vous y rendre ? (en chiffres)18
50%
Achats à faire1/ Pour déjeuner... dans du boisArmesSARME
50%
A quelle région appartient ce paysMMélanésie
50%
Achats à faire1/ Pour déjeuner... dans du boisVaisselleVIELLASSE
50%
La religion majoritaire estAnglicanismeA
0%
Quelle est la monnaie ?Dollar des îles Salomon$
0%
Quelles sont les principaux lieux touristiques ?MLagon de {Marovo}VRAMOO
0%
Quelles sont les principaux lieux touristiques ?GMusée de {Guadalcanal}LANDAUAACGL
0%
Achats à faire3/ Instrument localPan PipeNIPPEAP
0%
Quelles sont les langues officielles ?PidginP
0%
Le suffixe internet estsb
0%
Comment se nomme la principale compagnie aérienne localeSASolomon AirlinesAILSOMNOLERIONS
0%
Quel est le climat local ?THTropical Humide
0%
Quelles sont les principaux lieux touristiques ?KVolcan {Kavachi}HACKAIV
0%

Distribution des résultats

Percentile par nombre de réponses

% des personnes avec chaque résultat

Votre développement - résultats

Vous n’avez pas pris ce quiz